[Event "DVM U12 2015"]
[Site "Magdeburg GER"]
[Date "2015.12.28"]
[Round "3"]
[White "Blinov, Sergei"]
[Black "Wehner, Tobias"]
[Result "1-0"]
[Termination "normal"]
[Board "9.2"]
[WhiteElo "1214"]
[BlackElo "1296"]
[WhiteTeam "TuS Ende 1892"]
[BlackTeam "USV TU Dresden"]
[PlyCount "109"]
[BlackFideId "16224000"]
[EventCountry "GER"]
[EventRounds "7"]
[EventType "team-swiss"]
[EventDate "2015.12.26"]

1. e4 e5 2. Nf3 Nc6 3. Bb5 a6 4. Bxc6 dxc6 5. h3 f6 6. O-O Be6 7. d3 Bd6 8. Be3
Qd7 9. Nc3 Ne7 10. a3 g5 11. Re1 h5 12. Nh2 O-O-O 13. Rb1 Rdg8 14. Nf1 h4 15.
Nh2 Rg7 16. Ng4 Bxg4 17. Qxg4 Qxg4 18. hxg4 h3 19. Kh2 Rgh7 20. Rh1 Ng6 21. g3
Nf8 22. b4 Nd7 23. Na4 Nf8 24. Nc3 Ne6 25. Ne2 c5 26. bxc5 Bxc5 27. Bxc5 Nxc5
28. Nc3 c6 29. Rb2 Ne6 30. Ne2 Rd8 31. Rhb1 Nd4 32. Nxd4 Rxd4 33. Rb3 Rd6 34.
R3b2 Kc7 35. Rxb7+ Kc8 36. Rxh7 c5 37. Rhb7 a5 38. Rb8+ Kc7 39. R1b7+ Kc6 40.
Rb6+ Kd7 41. Rxd6+ Kxd6 42. Ra8 c4 43. Rxa5 c3 44. Ra6+ Ke7 45. Rb6 Kf7 46. a4
Kg6 47. a5 Kf7 48. a6 Kg6 49. a7 Kg7 50. a8=R Kg6 51. Rb7 Kh6 52. Raa7 Kg6 53.
Rc7 Kh6 54. Rh7+ Kg6 55. Rag7# 1-0

[Event "DVM U12 2015"]
[Site "Magdeburg GER"]
[Date "2015.12.28"]
[Round "3"]
[White "Thamm, Marti Jann"]
[Black "Dehn, Lukas"]
[Result "1/2-1/2"]
[Termination "normal"]
[Board "9.3"]
[WhiteElo "1055"]
[BlackElo "1104"]
[WhiteTeam "USV TU Dresden"]
[BlackTeam "TuS Ende 1892"]
[PlyCount "41"]
[EventCountry "GER"]
[EventRounds "7"]
[EventType "team-swiss"]
[EventDate "2015.12.26"]

1. e4 e5 2. Nf3 Nc6 3. Bb5 d6 4. h3 Bd7 5. Nc3 Nf6 6. d3 a6 7. Bc4 h6 8. Be3
Be7 9. O-O b5 10. Bd5 Rb8 11. Nh2 O-O 12. Bxc6 Bxc6 13. Ng4 Nxg4 14. Qxg4 Bg5
15. Bxg5 Qxg5 16. Qxg5 hxg5 17. Rae1 Bd7 18. Re3 Be6 19. Nd5 Bxd5 20. exd5 f6
21. c3 1/2-1/2

[Event "DVM U12 2015"]
[Site "Magdeburg GER"]
[Date "2015.12.28"]
[Round "3"]
[White "Rapoport, Valerie"]
[Black "Petzold, Maik"]
[Result "0-1"]
[Termination "normal"]
[Board "9.4"]
[WhiteElo "1093"]
[BlackElo "820"]
[WhiteTeam "TuS Ende 1892"]
[BlackTeam "USV TU Dresden"]
[PlyCount "90"]
[WhiteFideId "12952427"]
[BlackFideId "12975087"]
[EventCountry "GER"]
[EventRounds "7"]
[EventType "team-swiss"]
[EventDate "2015.12.26"]

1. e4 e5 2. Nf3 Nc6 3. Bc4 Nf6 4. Nc3 Bc5 5. d3 O-O 6. Bg5 Ne7 7. Bxf6 gxf6 8.
Qd2 Ng6 9. Qh6 d6 10. Nh4 Be6 11. Nf5 Bxf5 12. exf5 Ne7 13. Qxf6 d5 14. Bb3 a5
15. Qg5+ Kh8 16. f6 Ng6 17. h4 Nf4 18. Qxe5 Re8 19. Qxe8+ Qxe8+ 20. Kd2 a4 21.
Rae1 Qg8 22. Bxa4 Bb4 23. Re3 Bxc3+ 24. bxc3 Rxa4 25. Rhe1 Ra8 26. Rg3 Qf8 27.
Re5 Ne6 28. f4 Qc5 29. Rge3 d4 30. cxd4 Qb4+ 31. Kd1 Qb1+ 32. Kd2 Qb4+ 33. Kd1
Rxa2 34. f5 Ra1+ 35. Ke2 Nxd4+ 36. Kf2 Qd2+ 37. Kg3 Nxf5+ 38. Kh3 Rh1+ 39. Kg4
Nxe3+ 40. Kf3 Rf1+ 41. Ke4 Rf4+ 42. Kxf4 Nc4+ 43. Kf5 Qf2+ 44. Ke4 Qe3+ 45. Kd5
Nxe5 0-1

[Event "DVM U12 2015"]
[Site "Magdeburg GER"]
[Date "2015.12.28"]
[Round "3"]
[White "Triantafillidis, Simeon"]
[Black "Eschner, Fabian"]
[Result "1/2-1/2"]
[Termination "normal"]
[Board "10.1"]
[WhiteElo "1595"]
[BlackElo "1399"]
[WhiteTeam "SF HN-Biberach 1978"]
[BlackTeam "Schachzwerge Magdeburg"]
[PlyCount "74"]
[WhiteFideId "12953113"]
[BlackFideId "16232860"]
[EventCountry "GER"]
[EventRounds "7"]
[EventType "team-swiss"]
[EventDate "2015.12.26"]

1. e4 c5 2. c3 Nc6 3. d4 cxd4 4. cxd4 Nf6 5. Nc3 d5 6. e5 Ne4 7. Nf3 g6 8. Bd3
Bf5 9. Be3 Bg7 10. Qc2 Nb4 11. Qa4+ Nc6 12. Bb5 Qd7 13. Rc1 O-O 14. Qb3 Rfd8
15. O-O Rac8 16. Rfd1 a6 17. Nxe4 dxe4 18. d5 axb5 19. dxc6 Qe8 20. Rxd8 Qxd8
21. Ng5 e6 22. Rd1 Qc7 23. Qxb5 bxc6 24. Qc4 Bxe5 25. g3 Bxb2 26. Nxe4 Bxe4 27.
Qxe4 Qe5 28. Qb4 c5 29. Qb7 Rb8 30. Qf3 Bd4 31. Bf4 Qf5 32. Qc6 e5 33. Be3 Rb1
34. Qa4 Rb2 35. Rf1 Qf3 36. Bxd4 exd4 37. Qe8+ Kg7 1/2-1/2

[Event "DVM U12 2015"]
[Site "Magdeburg GER"]
[Date "2015.12.28"]
[Round "3"]
[White "Melzig, Antonio"]
[Black "Unger, Matti"]
[Result "1-0"]
[Termination "normal"]
[Board "10.3"]
[WhiteElo "1215"]
[BlackElo "847"]
[WhiteTeam "SF HN-Biberach 1978"]
[BlackTeam "Schachzwerge Magdeburg"]
[PlyCount "133"]
[WhiteFideId "16252764"]
[EventCountry "GER"]
[EventRounds "7"]
[EventType "team-swiss"]
[EventDate "2015.12.26"]

1. e4 e5 2. Nf3 Nc6 3. Bc4 Bc5 4. Nc3 d6 5. d3 Nf6 6. Bg5 Bg4 7. h3 Bh5 8. g4
Bg6 9. Qd2 h6 10. Bh4 Qd7 11. Bxf6 gxf6 12. Nd5 O-O-O 13. Nxf6 Qe7 14. Nd5 Qd7
15. Bb5 a6 16. Bxc6 bxc6 17. Nc3 h5 18. g5 Rhf8 19. O-O-O f6 20. Nh4 Bh7 21.
Na4 fxg5 22. Nxc5 dxc5 23. Qxg5 Qe8 24. Qh6 Bg8 25. Qe3 Bxa2 26. Qxc5 Rf4 27.
Nf5 Be6 28. Ng7 Qf7 29. Qxe5 Rd6 30. Nxe6 Rxe6 31. Qh8+ Re8 32. Qc3 Rxf2 33.
Qxc6 Rd8 34. Qxa6+ Kd7 35. Qb5+ c6 36. Qb7+ Ke8 37. Qxf7+ Rxf7 38. Rdf1 Rxf1+
39. Rxf1 Ke7 40. Rf5 h4 41. Rh5 Rf8 42. Rxh4 Rf1+ 43. Kd2 Rf2+ 44. Kc3 Kd7 45.
Rh7+ Kd8 46. e5 Re2 47. Rh8+ Kd7 48. Rh7+ Kd8 49. Rh5 Kd7 50. Kb3 Ke6 51. Kc3
Kd7 52. b4 Ke6 53. Kb3 Kd7 54. c3 Kc7 55. d4 Kb6 56. Kc4 Re1 57. Rh6 Kc7 58.
Rh7+ Kb6 59. h4 Re2 60. h5 Rh2 61. e6 Re2 62. e7 Re1 63. Rg7 Re6 64. h6 Rxh6
65. e8=Q c5 66. Qb8+ Kc6 67. Qc7# 1-0

[Event "DVM U12 2015"]
[Site "Magdeburg GER"]
[Date "2015.12.28"]
[Round "3"]
[White "Felsch, Paula"]
[Black "Dittmar, Elia"]
[Result "0-1"]
[Termination "normal"]
[Board "10.4"]
[WhiteElo "835"]
[BlackElo "1018"]
[WhiteTeam "Schachzwerge Magdeburg"]
[BlackTeam "SF HN-Biberach 1978"]
[PlyCount "68"]
[BlackFideId "16269098"]
[EventCountry "GER"]
[EventRounds "7"]
[EventType "team-swiss"]
[EventDate "2015.12.26"]

1. e4 c5 2. Nc3 Nc6 3. Nf3 g6 4. Bc4 e6 5. d3 Bg7 6. Bg5 Nge7 7. O-O d5 8. exd5
Bxc3 9. bxc3 exd5 10. Bxd5 Qxd5 11. Bf6 O-O 12. Qe1 Nf5 13. Qd2 Qd6 14. Qg5 Bd7
15. Rfe1 Rfe8 16. Nd2 h6 17. Qg4 h5 18. Qg5 Ne5 19. Ne4 Qc7 20. d4 Ng4 21. c4
Qxh2+ 22. Kf1 Qh1+ 23. Ke2 Rxe4+ 24. Kd3 Rxe1 25. dxc5 Rxa1 26. Bxa1 Qd1+ 27.
Qd2 Nxf2+ 28. Kc3 Ne4+ 29. Kd3 Nxd2 30. Be5 Nb1+ 31. Ke4 Re8 32. a4 f6 33. c3
Rxe5+ 34. Kf4 Qf1# 0-1

[Event "DVM U12 2015"]
[Site "Magdeburg GER"]
[Date "2015.12.28"]
[Round "4"]
[White "Grabbel, Lennart Christian"]
[Black "Henning, Marvin"]
[Result "0-1"]
[Termination "normal"]
[Board "1.1"]
[WhiteElo "1687"]
[BlackElo "1774"]
[WhiteClock "00:32:01"]
[BlackClock "00:50:54"]
[WhiteTeam "Hamburger SK von 1830"]
[BlackTeam "Reideburger SV 90 Halle"]
[PlyCount "72"]
[WhiteFideId "16201620"]
[BlackFideId "12957399"]
[EventCountry "GER"]
[EventRounds "7"]
[EventType "team-swiss"]
[EventDate "2015.12.26"]

1. Nf3 d5 2. c4 d4 3. d3 c5 4. g3 Nc6 5. Bg2 e5 6. O-O Be7 7. e3 Nf6 8. exd4
exd4 9. a3 a5 10. Nbd2 O-O 11. Re1 Bg4 12. Ne4 Qd7 13. Bf4 Rfe8 14. Qb3 a4 15.
Qc2 Bh3 16. Bh1 h6 17. b3 Nh5 18. Bd2 f5 19. Nxc5 Bxc5 20. b4 Bb6 21. c5 Bc7
22. Qc4+ Kh8 23. b5 Ne5 24. Nxe5 Rxe5 25. Bxb7 Rb8 26. Bc6 Qe7 27. Bb4 f4 28.
Bh1 fxg3 29. hxg3 Nxg3 30. fxg3 Qg5 31. Qa2 Qxg3+ 32. Bg2 Rg5 33. Re2 Qh2+ 34.
Kf1 Qh1+ 35. Kf2 Rf8+ 36. Bf3 Rxf3# 0-1

[Event "DVM U12 2015"]
[Site "Magdeburg GER"]
[Date "2015.12.28"]
[Round "4"]
[White "Post, Hugo"]
[Black "Müller, Marvin"]
[Result "1-0"]
[Termination "normal"]
[Board "1.2"]
[WhiteElo "1737"]
[BlackElo "1536"]
[WhiteClock "01:01:52"]
[BlackClock "00:02:55"]
[WhiteTeam "Reideburger SV 90 Halle"]
[BlackTeam "Hamburger SK von 1830"]
[PlyCount "43"]
[WhiteFideId "12962490"]
[BlackFideId "16214528"]
[EventCountry "GER"]
[EventRounds "7"]
[EventType "team-swiss"]
[EventDate "2015.12.26"]

1. e4 e5 2. Nf3 Nc6 3. Bc4 Bc5 4. c3 Nf6 5. d3 d6 6. O-O O-O 7. Nbd2 Bg4 8. h3
Bh5 9. Re1 Qd7 10. Bb3 Rfe8 11. Nf1 h6 12. Ng3 Bxf3 13. Qxf3 Nh7 14. Nf5 Ng5
15. Qg4 Qd8 16. h4 Kf8 17. hxg5 hxg5 18. Bxg5 f6 19. Bh6 Re7 20. Bxg7+ Rxg7 21.
Qxg7+ Ke8 22. Qf7# 1-0

[Event "DVM U12 2015"]
[Site "Magdeburg GER"]
[Date "2015.12.28"]
[Round "4"]
[White "Goltser, Ilja"]
[Black "Dietz, Florian"]
[Result "0-1"]
[Termination "normal"]
[Board "1.3"]
[WhiteElo "1504"]
[BlackElo "1829"]
[WhiteClock "00:15:56"]
[BlackClock "00:51:56"]
[WhiteTeam "Hamburger SK von 1830"]
[BlackTeam "Reideburger SV 90 Halle"]
[PlyCount "56"]
[WhiteFideId "14174782"]
[BlackFideId "12939897"]
[EventCountry "GER"]
[EventRounds "7"]
[EventType "team-swiss"]
[EventDate "2015.12.26"]

1. d4 Nf6 2. c4 c5 3. Nf3 g6 4. Nc3 cxd4 5. Nxd4 Nc6 6. Nf3 Bg7 7. g3 O-O 8.
Bg2 d6 9. O-O Be6 10. Nd2 d5 11. cxd5 Nxd5 12. Nxd5 Bxd5 13. e4 Be6 14. Qe2 Nd4
15. Qd1 Rc8 16. Nb3 Nc2 17. Qxd8 Rfxd8 18. Rb1 Bc4 19. Bh3 Ra8 20. Bf4 Bxf1 21.
Kxf1 Nd4 22. Nc5 b6 23. Na4 e5 24. Bg5 f6 25. Be3 Nc2 26. Rc1 Nxe3+ 27. fxe3
Rd3 28. Ke2 Rxe3+ 0-1

[Event "DVM U12 2015"]
[Site "Magdeburg GER"]
[Date "2015.12.28"]
[Round "4"]
[White "Seidel, Arne Christian"]
[Black "Weber, Kian"]
[Result "0-1"]
[Termination "normal"]
[Board "1.4"]
[WhiteElo "1488"]
[BlackElo "1343"]
[WhiteClock "00:32:22"]
[BlackClock "00:34:17"]
[WhiteTeam "Reideburger SV 90 Halle"]
[BlackTeam "Hamburger SK von 1830"]
[PlyCount "48"]
[WhiteFideId "16235142"]
[BlackFideId "16234928"]
[EventCountry "GER"]
[EventRounds "7"]
[EventType "team-swiss"]
[EventDate "2015.12.26"]

1. e4 e5 2. Nf3 Nc6 3. Bc4 Bc5 4. c3 Nf6 5. d4 exd4 6. cxd4 Bb4+ 7. Nc3 Nxe4 8.
O-O Nxc3 9. bxc3 Bxc3 10. Ba3 d6 11. Rc1 Ba5 12. d5 Ne7 13. Qa4+ c6 14. dxc6
bxc6 15. Rfd1 Bc7 16. Ne5 O-O 17. Nxc6 Nxc6 18. Qxc6 Bd7 19. Bxf7+ Rxf7 20.
Qxc7 Qf6 21. f3 Ba4 22. Qxd6 Bxd1 23. Qxd1 Qg5 24. Qc2 Qe3+ 0-1

[Event "DVM U12 2015"]
[Site "Magdeburg GER"]
[Date "2015.12.28"]
[Round "4"]
[White "Suvorov, Alexander"]
[Black "Bosselmann, Tom Linus"]
[Result "1-0"]
[Termination "normal"]
[Board "2.1"]
[WhiteElo "1946"]
[BlackElo "1789"]
[WhiteClock "00:03:39"]
[BlackClock "00:09:34"]
[WhiteTeam "SG Porz"]
[BlackTeam "Lübecker SV von 1873"]
[PlyCount "95"]
[WhiteFideId "12977063"]
[BlackFideId "12983845"]
[EventCountry "GER"]
[EventRounds "7"]
[EventType "team-swiss"]
[EventDate "2015.12.26"]

1. d4 d5 2. c4 c6 3. Nf3 Nf6 4. e3 Bf5 5. Nc3 e6 6. Nh4 Bg4 7. Qb3 Qd7 8. h3
Bh5 9. g4 Bg6 10. Nxg6 hxg6 11. Bg2 Be7 12. Bd2 O-O 13. O-O Na6 14. Rac1 Rab8
15. a4 Rfe8 16. Rfd1 Nc7 17. Be1 Na6 18. Ne2 Bd8 19. Nf4 Bc7 20. Nd3 Qe7 21.
Rc2 Red8 22. a5 Nd7 23. f4 Kh7 24. Re2 f5 25. g5 Rf8 26. h4 Rh8 27. Bf3 Kg8 28.
Ne5 Bxe5 29. dxe5 Ndc5 30. Qc2 Ne4 31. Bxe4 fxe4 32. cxd5 cxd5 33. Rc1 Kf7 34.
Qd1 Qd7 35. Rec2 Rhc8 36. h5 Rxc2 37. Rxc2 Rc8 38. hxg6+ Kxg6 39. Rh2 Kf7 40.
g6+ Ke7 41. Bh4+ Ke8 42. Bg5 Qb5 43. Rh8+ Kd7 44. Rxc8 Kxc8 45. Bf6 Qd7 46. Qh5
Qa4 47. Qh8+ Kd7 48. Qd8+ 1-0

[Event "DVM U12 2015"]
[Site "Magdeburg GER"]
[Date "2015.12.28"]
[Round "4"]
[White "Rietschel, Tilo"]
[Black "Suvorov, Luca"]
[Result "0-1"]
[Termination "normal"]
[Board "2.2"]
[WhiteElo "1692"]
[BlackElo "1904"]
[WhiteClock "00:18:54"]
[BlackClock "00:05:35"]
[WhiteTeam "Lübecker SV von 1873"]
[BlackTeam "SG Porz"]
[PlyCount "64"]
[WhiteFideId "16208390"]
[BlackFideId "12977071"]
[EventCountry "GER"]
[EventRounds "7"]
[EventType "team-swiss"]
[EventDate "2015.12.26"]

1. Nf3 Nf6 2. c4 c5 3. Nc3 Nc6 4. e3 e6 5. d4 d5 6. cxd5 exd5 7. h3 cxd4 8.
exd4 Bf5 9. Bd3 Bxd3 10. Qxd3 Be7 11. O-O O-O 12. Bf4 a6 13. Rfe1 h6 14. Ne5
Re8 15. Rad1 Bd6 16. Bh2 Qc7 17. f4 Rad8 18. Kh1 Bb4 19. Qf3 Qb6 20. Bg1 Qa5
21. Re2 Bxc3 22. bxc3 Ne4 23. Rd3 f6 24. Ng4 h5 25. Nf2 Ng3+ 26. Qxg3 Rxe2 27.
Qf3 Rxa2 28. Qxh5 Qc7 29. Rg3 Qf7 30. Ng4 Qxh5 31. Nxf6+ Kf7 32. Nxh5 g6 0-1

[Event "DVM U12 2015"]
[Site "Magdeburg GER"]
[Date "2015.12.28"]
[Round "4"]
[White "Pislaru, Adrian"]
[Black "Silini, Jalel"]
[Result "1-0"]
[Termination "normal"]
[Board "2.3"]
[WhiteElo "1777"]
[BlackElo "1187"]
[WhiteClock "00:14:29"]
[BlackClock "00:13:23"]
[WhiteTeam "SG Porz"]
[BlackTeam "Lübecker SV von 1873"]
[PlyCount "109"]
[WhiteFideId "12940240"]
[BlackFideId "16215397"]
[EventCountry "GER"]
[EventRounds "7"]
[EventType "team-swiss"]
[EventDate "2015.12.26"]

1. Nf3 Nc6 2. d4 d5 3. g3 Bg4 4. Bg2 Qd7 5. h3 Bf5 6. Bf4 O-O-O 7. a3 Nf6 8.
Nbd2 h6 9. b4 g5 10. Be5 Bg7 11. Nb3 Rhg8 12. Nc5 Qe8 13. g4 Be4 14. Bg3 Bxf3
15. Bxf3 Ne4 16. Bxe4 dxe4 17. e3 e5 18. c3 exd4 19. cxd4 Nxd4 20. exd4 Bxd4
21. Qc1 Bxa1 22. Qxa1 e3 23. O-O e2 24. Re1 Rd2 25. Nb3 Rd3 26. Nc5 Rd5 27. Qc1
Qd8 28. Qc4 Rd1 29. Qxe2 Rxe1+ 30. Qxe1 Re8 31. Qc1 Re2 32. Qb1 Rd2 33. Qf5+
Kb8 34. Qxf7 Rd1+ 35. Kg2 b6 36. Na6+ Kb7 37. Nxc7 Rd7 38. Qf3+ Rd5 39. Nxd5
Qd7 40. Nf6+ Qc6 41. Qxc6+ Kxc6 42. f4 gxf4 43. Bxf4 a5 44. bxa5 bxa5 45. h4 a4
46. g5 hxg5 47. hxg5 Kc5 48. g6 Kc4 49. g7 Kb3 50. g8=Q+ Kxa3 51. Nd5 Kb2 52.
Qg3 a3 53. Qd3 a2 54. Qc3+ Kb1 55. Qc1# 1-0

[Event "DVM U12 2015"]
[Site "Magdeburg GER"]
[Date "2015.12.28"]
[Round "4"]
[White "Maas, Kolja"]
[Black "Pislaru, Marius"]
[Result "0-1"]
[Termination "normal"]
[Board "2.4"]
[WhiteElo "1139"]
[BlackElo "1698"]
[WhiteClock "00:14:51"]
[BlackClock "00:05:05"]
[WhiteTeam "Lübecker SV von 1873"]
[BlackTeam "SG Porz"]
[PlyCount "80"]
[WhiteFideId "16220420"]
[BlackFideId "12940259"]
[EventCountry "GER"]
[EventRounds "7"]
[EventType "team-swiss"]
[EventDate "2015.12.26"]

1. e4 e6 2. d4 d5 3. Nd2 Nf6 4. e5 Nfd7 5. f4 c5 6. Ndf3 Nc6 7. c3 Qb6 8. b3
cxd4 9. cxd4 Bb4+ 10. Kf2 O-O 11. Bb2 f6 12. Kg3 fxe5 13. dxe5 Ne7 14. Bd3 Nf5+
15. Bxf5 Rxf5 16. Ne2 Nc5 17. Bd4 Ne4+ 18. Kh4 Qd8+ 19. Kg4 Qe8 20. h4 Qg6+ 21.
Kh3 Rxf4 22. Kh2 Rg4 23. Rg1 Be7 24. Qe1 Qh6 25. g3 Bd7 26. Kh3 Qh5 27. Nh2
Ng5+ 28. Kg2 Re4 29. g4 Rxg4+ 30. Nxg4 Qxg4+ 31. Kf1 Rf8+ 32. Bf2 Qh3+ 33. Rg2
Nf3 34. Qa5 Bxh4 35. a4 Bxf2 36. Kxf2 Nh4+ 37. Ke1 Nxg2+ 38. Kd2 Qe3+ 39. Kc2
Qxe2+ 40. Qd2 Rc8+ 0-1

[Event "DVM U12 2015"]
[Site "Magdeburg GER"]
[Date "2015.12.28"]
[Round "4"]
[White "Wagner, Leopold Franziskus"]
[Black "Huber, Benedikt"]
[Result "1/2-1/2"]
[Termination "normal"]
[Board "3.1"]
[WhiteElo "1897"]
[BlackElo "1960"]
[WhiteTeam "BSG Grün-Weiß Leipzig"]
[BlackTeam "SK München Südost"]
[PlyCount "55"]
[WhiteFideId "1641581"]
[BlackFideId "12923583"]
[EventCountry "GER"]
[EventRounds "7"]
[EventType "team-swiss"]
[EventDate "2015.12.26"]

1. e4 e6 2. d4 d5 3. Nd2 Nf6 4. e5 Nfd7 5. Bd3 c5 6. c3 Nc6 7. Ne2 cxd4 8. cxd4
f6 9. exf6 Nxf6 10. O-O Bd6 11. Nf3 O-O 12. Bg5 h6 13. Bh4 Bd7 14. Rc1 Qb6 15.
b3 Rac8 16. Bb1 Ba3 17. Rxc6 bxc6 18. Ne5 Qc7 19. Nf4 Bd6 20. Nfg6 Be8 21. Nxf8
Kxf8 22. f4 c5 23. dxc5 Bxc5+ 24. Kh1 Be3 25. Ng4 Bh5 26. Bxf6 gxf6 27. Qd3
Bxg4 28. Qxe3 1/2-1/2

[Event "DVM U12 2015"]
[Site "Magdeburg GER"]
[Date "2015.12.28"]
[Round "4"]
[White "Lohvinov, Petro"]
[Black "Nguyen, Alex Dac-Vuong"]
[Result "1-0"]
[Termination "normal"]
[Board "3.2"]
[WhiteElo "1693"]
[BlackElo "1873"]
[WhiteTeam "SK München Südost"]
[BlackTeam "BSG Grün-Weiß Leipzig"]
[PlyCount "67"]
[WhiteFideId "14176661"]
[BlackFideId "12984388"]
[EventCountry "GER"]
[EventRounds "7"]
[EventType "team-swiss"]
[EventDate "2015.12.26"]

1. e4 e6 2. d4 d5 3. Nd2 c5 4. c3 Nc6 5. Ngf3 a6 6. Bd3 Bd7 7. O-O cxd4 8. cxd4
Nge7 9. Re1 Nb4 10. Bb1 dxe4 11. Nxe4 Bc6 12. a3 Nbd5 13. Bg5 h6 14. Bh4 g5 15.
Bg3 Ng6 16. Nc5 Ngf4 17. Bxf4 Nxf4 18. g3 Bxc5 19. gxf4 gxf4 20. Be4 Rg8+ 21.
Kh1 Bxe4 22. Rxe4 Qd5 23. Re5 Qc6 24. Rxc5 Qe4 25. Re5 Qg6 26. Qg1 Qh7 27. Qf1
Ke7 28. Rc1 Rad8 29. Rc7+ Kf6 30. Re1 Qf5 31. Qe2 Rd5 32. Qe4 Qh3 33. Rg1 Rxg1+
34. Kxg1 1-0

[Event "DVM U12 2015"]
[Site "Magdeburg GER"]
[Date "2015.12.28"]
[Round "4"]
[White "Haufe, Laurin"]
[Black "Grunert, Friedrich"]
[Result "0-1"]
[Termination "normal"]
[Board "3.3"]
[WhiteElo "1575"]
[BlackElo "1694"]
[WhiteTeam "BSG Grün-Weiß Leipzig"]
[BlackTeam "SK München Südost"]
[PlyCount "144"]
[WhiteFideId "12976504"]
[BlackFideId "12995592"]
[EventCountry "GER"]
[EventRounds "7"]
[EventType "team-swiss"]
[EventDate "2015.12.26"]

1. e4 e6 2. d4 d5 3. exd5 exd5 4. Bd3 c5 5. c3 Nf6 6. Nf3 Bd6 7. O-O O-O 8. Bg5
Bg4 9. Nbd2 Nc6 10. Qc2 h6 11. Bh4 c4 12. Bf5 Bxf5 13. Qxf5 Be7 14. Ne5 Nxe5
15. dxe5 Nd7 16. Bxe7 Qxe7 17. f4 Nc5 18. b3 Nd3 19. b4 a5 20. a3 Qc7 21. h3
Qb6+ 22. Kh2 Qe3 23. Rad1 Nf2 24. Rfe1 Qxc3 25. Nb1 Qb3 26. Rxd5 Nd3 27. Rf1
axb4 28. axb4 Qxb4 29. e6 Qe7 30. exf7+ Qxf7 31. Qxf7+ Rxf7 32. Rd4 b5 33. Rd5
Rb8 34. g3 b4 35. Nd2 Nb2 36. Rc5 c3 37. Nb3 Rff8 38. Ra1 Rfc8 39. Raa5 c2 40.
Rab5 Kh7 41. h4 Nd3 42. Rxb8 Rxc5 43. Kg2 c1=Q 44. Nxc1 Rxc1 45. Kf3 Rc3 46.
Ke2 Nc5 47. g4 b3 48. Kd2 Na4 49. Rb4 b2 50. Rxb2 Nxb2 51. Kxc3 Nd1+ 52. Kd2
Nf2 53. g5 hxg5 54. hxg5 Kg6 55. Ke3 Nh3 56. Ke4 Nxg5+ 57. Ke5 Nh3 58. f5+ Kf7
59. Kd4 Kf6 60. Ke4 Ng5+ 61. Kf4 Nf7 62. Kg4 Nh6+ 63. Kh4 Nxf5+ 64. Kh5 g5 65.
Kg4 Ne3+ 66. Kf3 Kf5 67. Kxe3 Kg4 68. Kf2 Kh3 69. Kg1 g4 70. Kh1 g3 71. Kg1 g2
72. Kf2 Kh2 0-1

[Event "DVM U12 2015"]
[Site "Magdeburg GER"]
[Date "2015.12.28"]
[Round "4"]
[White "Grunert, Wilhelm"]
[Black "Rose, Noah"]
[Result "1/2-1/2"]
[Termination "normal"]
[Board "3.4"]
[WhiteElo "1374"]
[BlackElo "1547"]
[WhiteTeam "SK München Südost"]
[BlackTeam "BSG Grün-Weiß Leipzig"]
[PlyCount "157"]
[WhiteFideId "12995673"]
[BlackFideId "12990191"]
[EventCountry "GER"]
[EventRounds "7"]
[EventType "team-swiss"]
[EventDate "2015.12.26"]

1. e4 c5 2. Nf3 d6 3. d4 cxd4 4. Nxd4 Nf6 5. Nc3 a6 6. f3 e5 7. Nb3 Be6 8. Be3
Be7 9. Qd2 Nbd7 10. O-O-O b5 11. g4 O-O 12. g5 Nh5 13. Nd5 Bxd5 14. exd5 f5 15.
h4 f4 16. Bf2 Rc8 17. Na5 Ra8 18. Nc6 Qe8 19. Bh3 g6 20. Be6+ Kh8 21. Rdg1 Nb8
22. Nd4 Bd8 23. Nb3 Qe7 24. Qd3 Nd7 25. Nd2 Rb8 26. Ne4 Bb6 27. Bxb6 Nxb6 28.
Kb1 Nc4 29. Nf6 Nxf6 30. gxf6 Qxf6 31. c3 Ne3 32. h5 gxh5 33. Rxh5 Rb7 34. Rgh1
Qg7 35. Bg4 Rff7 36. Be6 Rfe7 37. a4 Qf8 38. Rg5 Rg7 39. Rhg1 Rxg5 40. Rxg5 Rg7
41. Rxg7 Qxg7 42. axb5 axb5 43. Qxb5 h6 44. Qb8+ Kh7 45. Qxd6 h5 46. Qd7 Qxd7
47. Bxd7 Nxd5 48. c4 Nb6 49. Bf5+ Kg7 50. c5 Nd5 51. Kc1 Kf6 52. Bh3 Kg5 53. c6
Kh4 54. Bf5 Kg3 55. Be4 Nc7 56. Kd2 Kg2 57. Ke2 h4 58. Bf5 h3 59. Bxh3+ Kxh3
60. Kd3 Kg3 61. Ke4 Kf2 62. b4 Ke2 63. Kxe5 Kxf3 64. Kd6 Kg2 65. Kxc7 f3 66.
Kb7 f2 67. c7 f1=Q 68. c8=Q Qb5+ 69. Ka8 Qxb4 70. Qc2+ Kf3 71. Qd1+ Kf4 72.
Qf1+ Ke3 73. Qh3+ Ke2 74. Qg2+ Kd3 75. Qf1+ Ke3 76. Qh3+ Ke2 77. Qe6+ Kd3 78.
Qh3+ Ke2 79. Qg2+ 1/2-1/2

[Event "DVM U12 2015"]
[Site "Magdeburg GER"]
[Date "2015.12.28"]
[Round "4"]
[White "Noever, Niklas"]
[Black "Burghoff, Elias"]
[Result "1/2-1/2"]
[Termination "normal"]
[Board "4.1"]
[WhiteElo "1592"]
[BlackElo "1323"]
[WhiteTeam "Rheydter SV 1920"]
[BlackTeam "TSG Apolda"]
[PlyCount "51"]
[WhiteFideId "12988642"]
[EventCountry "GER"]
[EventRounds "7"]
[EventType "team-swiss"]
[EventDate "2015.12.26"]

1. e4 e6 2. d3 d5 3. Nd2 c5 4. g3 d4 5. Bg2 Nc6 6. Nh3 e5 7. O-O Nf6 8. a3 Be7
9. Nb3 O-O 10. f4 Bg4 11. Qe1 Qc8 12. Nf2 Bd7 13. f5 Qc7 14. g4 Be8 15. h4 Nd7
16. g5 f6 17. Nh3 Rc8 18. Qg3 Kh8 19. Bf3 Rg8 20. Rf2 Nf8 21. Rg2 Bf7 22. h5 h6
23. gxh6 gxh6 24. Qf2 Kh7 25. Kh2 Nd7 26. Bd2 1/2-1/2

[Event "DVM U12 2015"]
[Site "Magdeburg GER"]
[Date "2015.12.28"]
[Round "4"]
[White "Henzgen, Nick"]
[Black "Müdder, Melanie"]
[Result "0-1"]
[Termination "normal"]
[Board "4.2"]
[WhiteElo "1523"]
[BlackElo "1544"]
[WhiteTeam "TSG Apolda"]
[BlackTeam "Rheydter SV 1920"]
[PlyCount "62"]
[WhiteFideId "16212347"]
[BlackFideId "12994103"]
[EventCountry "GER"]
[EventRounds "7"]
[EventType "team-swiss"]
[EventDate "2015.12.26"]

1. e4 c5 2. Nf3 Nc6 3. Bc4 e6 4. O-O Be7 5. d4 cxd4 6. Nxd4 Nf6 7. Re1 e5 8.
Nf5 O-O 9. Bg5 Ne8 10. Nxe7+ Nxe7 11. Nc3 Nc7 12. Qd6 Re8 13. Nd5 Ncxd5 14.
exd5 f6 15. Bh4 Nf5 16. Qb4 Nxh4 17. d6+ Kh8 18. Bd3 f5 19. Re3 e4 20. Bc4 f4
21. Rh3 Qg5 22. Bf1 b6 23. Qb3 Ba6 24. c4 Bb7 25. Qc3 e3 26. g3 Nf3+ 27. Kh1
exf2 28. Bg2 Re1+ 29. Rxe1 fxe1=Q+ 30. Qxe1 Nxe1 31. Bxb7 Re8 0-1

[Event "DVM U12 2015"]
[Site "Magdeburg GER"]
[Date "2015.12.28"]
[Round "4"]
[White "Leßmann, Sönke"]
[Black "Liebeskind, Pascal"]
[Result "1/2-1/2"]
[Termination "normal"]
[Board "4.3"]
[WhiteElo "1348"]
[BlackElo "1654"]
[WhiteTeam "Rheydter SV 1920"]
[BlackTeam "TSG Apolda"]
[PlyCount "40"]
[WhiteFideId "16222520"]
[BlackFideId "16212380"]
[EventCountry "GER"]
[EventRounds "7"]
[EventType "team-swiss"]
[EventDate "2015.12.26"]

1. e4 c5 2. Nc3 Nc6 3. g3 g6 4. Bg2 Bg7 5. d3 Nf6 6. Nh3 O-O 7. O-O d6 8. f4
Bg4 9. Qd2 Qd7 10. Nf2 Be6 11. Nfd1 d5 12. Qf2 Ng4 13. Qe1 d4 14. Ne2 Rfc8 15.
a3 Rab8 16. Nf2 Nxf2 17. Qxf2 f5 18. b3 Bf7 19. Bb2 b5 20. Rac1 c4 1/2-1/2